Catálogo
 En Linea

Breve historia de Yugoslavia / (Registro nro. 42165)

Detalles MARC
000 -CABECERA
campo de control de longitud fija 00716nam a2200205 a 4500
001 - NÚMERO DE CONTROL
campo de control 000042676
005 - FECHA Y HORA DE LA ÚLTIMA TRANSACCIÓN
campo de control 20201002040323.0
008 - DATOS DE LONGITUD FIJA--INFORMACIÓN GENERAL
campo de control de longitud fija 140204s1972 sp ab 001 0 spa d
040 ## - FUENTE DE LA CATALOGACIÓN
Centro catalogador/agencia de origen DO-SdBNP
Lengua de catalogación spa
Centro/agencia transcriptor BNPHU
041 17 - CÓDIGO DE LENGUA
Código de lengua del texto/banda sonora o título independiente spa
Código de lengua original eng
082 ## - NÚMERO DE LA CLASIFICACIÓN DECIMAL DEWEY
Número de clasificación xxx
Número de documento/Ítem Y94B
245 00 - MENCIÓN DE TÍTULO
Título Breve historia de Yugoslavia /
Mención de responsabilidad, etc. Henry Cliford Darby ... [et al.] ; traducción de María Fernanda Pereda y Torres Quevedo.
260 ## - PUBLICACIÓN, DISTRIBUCIÓN, ETC.
Lugar de publicación, distribución, etc. Madrid :
Nombre del editor, distribuidor, etc. Espasa-Calpe,
Fecha de publicación, distribución, etc. 1972.
300 ## - DESCRIPCIÓN FÍSICA
Extensión 284 p. :
-- il., map. ;
Dimensiones 18 cm.
490 1# - MENCIÓN DE SERIE
Mención de serie Austral
-- amarilla
Designación de volumen o secuencia 1458
500 ## - NOTA GENERAL
Nota general A short history of Yugoslavia.
700 12 - PUNTO DE ACCESO ADICIONAL--NOMBRE DE PERSONA
Nombre de persona Darby, H. C. Pereda
9 (RLIN) 69970
700 12 - PUNTO DE ACCESO ADICIONAL--NOMBRE DE PERSONA
Nombre de persona Torres Quevedo, María Fernanda
Término indicativo de función/relación tr.
9 (RLIN) 69971
830 #0 - PUNTO DE ACCESO ADICIONAL DE SERIE-TÍTULO UNIFORME
Título uniforme Austral
Nombre de parte o sección de la obra amarilla
Número de parte o sección de la obra 1458
9 (RLIN) 69972
Existencias
Estado de retiro Estado de pérdida Restricciones de uso No para préstamo Código de colección Localización permanente Ubicación/localización actual Ubicación en estantería Fecha de adquisición Número de inventario Total de préstamos Signatura topográfica completa Código de barras Fecha visto por última vez Precio válido a partir de Tipo de ítem Koha
      Excluido de préstamo Monografías: Libros y Folletos General General En catalogación 04.02.2014 LF1   xxx Y94B 42676-10 25.06.2020 25.06.2020 No se presta

Con tecnología Koha